000 00659nam a2200277Ia 4500
005 20260121124607.0
008 008 260114s9999 xx 000 0 eng d
020 _a9789812305572
037 _aEBOOK
040 _aCRL
040 _beng
040 _cCRL
041 _2eng
041 _aeng
084 _qCRL
100 _aDevare, Sudhir
_9978627
245 0 _aIndia and Southeast Asia
260 _bWalter de Gruyter
260 _bWalter de Gruyter
260 _c2005
650 _aPolitical Science
_9978628
856 _uhttp://www.degruyter.com/isbn/9789812305572
942 _cEBOOK
999 _c1555756
_d1555756